000 00927nam a2200205 a 4500
001 000048468
005 20201002061157.0
008 190314s2008 dr a 000 0 spa d
040 _aDO-SdBNP
_bspa
_cBNPHU
082 _axxx
_bxxx
245 0 0 _aInventar el futuro :
_bintroducción a las patentes dirigida a las pequeñas y medianas empresas /
_cprólogo Enrique Ramírez.
260 _aSanto Domingo, :
_bONAPI,
_c2008.
300 _a71 p. :
_bil. ;
_c22 cm.
490 1 _aPropiedad intelectual y las empresas ;
_v3 ;
505 0 _tLas patentes --
_tCómo obtener una patente --
_tPatentar en el extranjero --
_t¿Cómo comercializar la tecnología patentada ? --
_t¿Cómo hacer valer los derechos de patente? /
590 _aInventariado, 2019/YL
710 1 _aOfinina Nacional de la Propiedad Industrial (ONAPI)
_975875
700 1 2 _aRamírez, Enrique
_eprol.
_975876
830 0 _aPropiedad intelectual y las empresas
_n3
_975879
999 _c47956
_d47956